[Event "FIDE Online Olympiad"]
[Site "Chess.com"]
[Date "2020.08.22"]
[EventDate "2020.08.21"]
[Round "5"]
[Result "1-0"]
[White "Jorge Cori"]
[Black "Neuris Delgado Ramirez"]
[WhiteElo "2599"]
[BlackElo "2667"]
[Source "Chess-Results"]
[PlyCount "73"]

1. d4 Nf6 2. c4 e6 3. Nf3 b6 4. g3 c6 5. Bg2 Be7 6. O-O O-O
7. b3 d5 8. Bb2 Ba6 9. Nbd2 Nbd7 10. Rc1 Rc8 11. Re1 c5
12. cxd5 Nxd5 13. Nc4 b5 14. Nce5 Nxe5 15. Nxe5 Bb7 16. dxc5
Bxc5 17. e3 Qe7 18. Qg4 Nf6 19. Qe2 a6 20. Rc2 Bxg2 21. Kxg2
Nd5 22. Nd3 Ba3 23. Bxa3 Qxa3 24. Rec1 Rxc2 25. Qxc2 b4 26. e4
Nc3 27. Nxb4 Nxe4 28. Nc6 h5 29. Rd1 Nf6 30. b4 Nd5 31. Rxd5
exd5 32. Ne7+ Kh8 33. Qf5 g6 34. Nxg6+ Kg7 35. Nxf8 Kxf8
36. Qxd5 Qxb4 37. Qxh5 1-0

[Event "FIDE Online Olympiad"]
[Site "Chess.com"]
[Date "2020.08.22"]
[EventDate "2020.08.21"]
[Round "5"]
[Result "1-0"]
[White "Deysi Estela Cori Tello"]
[Black "Jennifer Perez Rodriguez"]
[WhiteElo "2340"]
[BlackElo "2150"]
[Source "Chess-Results"]
[PlyCount "119"]

1. d4 Nf6 2. f3 d5 3. Bg5 c5 4. dxc5 Qa5+ 5. Nd2 Qxc5 6. Nb3
Qc6 7. Qd2 e5 8. e4 d4 9. Qa5 Nbd7 10. O-O-O b6 11. Qb5 Bb7
12. Nh3 Rc8 13. Qxc6 Bxc6 14. Ba6 Rc7 15. Nf2 Be7 16. Rhe1 h6
17. Bd2 Nb8 18. Bd3 Nfd7 19. Kb1 O-O 20. c3 Nc5 21. cxd4 Nxb3
22. axb3 exd4 23. Rc1 Rcc8 24. Bf4 Bc5 25. Bc4 Bb7 26. Nd3 Nd7
27. Bb5 Rfd8 28. b4 Be7 29. Bc7 a6 30. Bxd8 Rxd8 31. Rc7 Bc8
32. Bxd7 Bxd7 33. Rd1 Bd6 34. Rb7 b5 35. Rb6 Bxh2 36. Rxa6 Be6
37. Kc2 h5 38. Nc5 Bc4 39. b3 d3+ 40. Nxd3 Be6 41. Nc5 Rc8
42. Kb1 Re8 43. Nxe6 fxe6 44. Rd7 Be5 45. Rb6 Ra8 46. Rxb5
Ra1+ 47. Kc2 Bf6 48. e5 Bg5 49. Rb6 Ra2+ 50. Kb1 Rxg2 51. Rxe6
h4 52. Rg6 Rg1+ 53. Kc2 Rg2+ 54. Kd1 h3 55. Rgxg7+ Kf8
56. Rdf7+ Ke8 57. e6 Be3 58. Rh7 Rg1+ 59. Ke2 Bc5 60. Rh8+ 1-0

[Event "FIDE Online Olympiad"]
[Site "Chess.com"]
[Date "2020.08.22"]
[EventDate "2020.08.21"]
[Round "5"]
[Result "1-0"]
[White "Gabriela Vargas"]
[Black "Ann Chumpitaz"]
[WhiteElo "2105"]
[BlackElo "2204"]
[Source "Chess-Results"]
[PlyCount "91"]

1. d4 Nf6 2. Nf3 g6 3. Bg5 Bg7 4. c3 d5 5. Nbd2 h6 6. Bh4 O-O
7. e3 c5 8. Be2 Nc6 9. O-O b6 10. Qa4 Bb7 11. b4 g5 12. Bg3
Nd7 13. bxc5 bxc5 14. Rab1 Nb6 15. Qa3 cxd4 16. cxd4 Qd7
17. Nb3 Qe8 18. Nc5 Nd8 19. Nxb7 Nxb7 20. Bb5 Qd8 21. Rfc1 Nd6
22. Bc6 Ndc4 23. Qa6 Rc8 24. Bb7 g4 25. Bxc8 Qxc8 26. Qxc8
Rxc8 27. Ne5 Bxe5 28. Bxe5 f6 29. Bg3 Kf7 30. a4 Nxa4 31. Ra1
Nab2 32. Rxa7 h5 33. h3 gxh3 34. gxh3 Rg8 35. Kh2 Rh8 36. h4
Rc8 37. Rd7 Ke6 38. Ra7 Rc6 39. Kh3 Rb6 40. Rc7 Rb3 41. e4 Nd6
42. exd5+ Kxd5 43. Rxe7 Nf5 44. Rd7+ Ke6 45. Rcc7 Nd3 46. d5#
1-0

[Event "FIDE Online Olympiad"]
[Site "Chess.com"]
[Date "2020.08.22"]
[EventDate "2020.08.21"]
[Round "5"]
[Result "1-0"]
[White "Anastasia Avramidou"]
[Black "Maili-Jade Ouellet"]
[WhiteElo "2052"]
[BlackElo "2113"]
[Source "Chess-Results"]
[PlyCount "109"]

1. Nf3 Nf6 2. d4 e6 3. c4 d5 4. Nc3 c6 5. e3 Be7 6. b3 O-O
7. Bd3 Nbd7 8. O-O b6 9. Bb2 Bb7 10. Rc1 Rc8 11. Qe2 Qc7
12. Rfe1 Rfd8 13. cxd5 exd5 14. e4 dxe4 15. Nxe4 Re8 16. Ne5
Bb4 17. Red1 Nxe4 18. Qxe4 Nf6 19. Qh4 Be7 20. d5 Ba3 21. d6
Bxb2 22. dxc7 Bxc1 23. Nc4 Rxc7 24. Rxc1 Rd7 25. Bf1 c5
26. Ne3 Rd4 27. Qg3 Be4 28. Rd1 h6 29. Qc7 g6 30. Rxd4 cxd4
31. Qd6 dxe3 32. Qxf6 exf2+ 33. Qxf2 Bd5 34. h3 Re5 35. Bc4
Bxc4 36. bxc4 Rc5 37. Qd4 Ra5 38. Qd2 Rc5 39. Qe2 Kg7 40. Kf2
h5 41. Kg3 Rf5 42. Qe7 Ra5 43. a3 Kg8 44. Kf3 Kg7 45. Ke3 Kg8
46. Kd4 Kg7 47. Qb4 Rg5 48. Qa4 a5 49. Qc6 Rg3 50. Qxb6 Rxa3
51. c5 Ra1 52. c6 a4 53. c7 Rc1 54. Qb7 Rd1+ 55. Ke3 1-0

[Event "FIDE Online Olympiad"]
[Site "Chess.com"]
[Date "2020.08.22"]
[EventDate "2020.08.21"]
[Round "6"]
[Result "1-0"]
[White "Yasser Quesada Perez"]
[Black "Dimitrios Mastrovasilis"]
[WhiteElo "2438"]
[BlackElo "2534"]
[Source "Chess-Results"]
[PlyCount "57"]

1. e4 e5 2. Nf3 Nc6 3. Nc3 Nf6 4. Bb5 Bc5 5. O-O O-O 6. Bxc6
dxc6 7. d3 Nd7 8. Ne2 Re8 9. h3 Nf8 10. Kh1 Ng6 11. Nh2 Bd6
12. f4 exf4 13. Nxf4 Nxf4 14. Bxf4 Bxf4 15. Rxf4 Be6 16. Qh5
Qd4 17. Raf1 Qxb2 18. Rh4 h6 19. Ng4 Bxg4 20. Qxf7+ Kh7
21. hxg4 Re5 22. Rf6 Qc1+ 23. Kh2 Qg5 24. Rfxh6+ Qxh6
25. Rxh6+ Kxh6 26. Qxc7 Rb5 27. e5 Re8 28. d4 Rb2 29. Qf7 1-0

[Event "FIDE Online Olympiad"]
[Site "Chess.com"]
[Date "2020.08.22"]
[EventDate "2020.08.21"]
[Round "6"]
[Result "1-0"]
[White "Anastasia Avramidou"]
[Black "Roxangel Obregon Garcia"]
[WhiteElo "2052"]
[BlackElo "2138"]
[Source "Chess-Results"]
[PlyCount "165"]

1. Nf3 d5 2. d4 Nf6 3. c4 c6 4. e3 Bf5 5. Nc3 e6 6. Nh4 Be4
7. f3 Bg6 8. Qb3 Qc7 9. Kf2 Be7 10. g3 Bh5 11. cxd5 cxd5
12. Bd2 Nc6 13. Rc1 O-O 14. Bd3 Rfd8 15. Rhe1 e5 16. Nf5 Bf8
17. Nb5 Qb6 18. g4 Bg6 19. g5 Nh5 20. Ng3 e4 21. Nxh5 Bxh5
22. fxe4 dxe4 23. Bxe4 a6 24. Nc3 Qc7 25. Kg2 Qe7 26. h4 Qd7
27. Bf3 Bxf3+ 28. Kxf3 Qh3+ 29. Ke2 Qg2+ 30. Kd3 Rac8 31. Kc2
Nb4+ 32. Kd1 Qf3+ 33. Ne2 Bd6 34. Bxb4 Bxb4 35. Qxb4 Qxe3
36. Qd2 Qf3 37. Rc3 Qg4 38. Kc1 b5 39. Rxc8 Rxc8+ 40. Kb1 Qe4+
41. Ka1 Rc2 42. Nc3 Rxd2 43. Nxe4 Rxd4 44. a3 Kf8 45. Nc5 a5
46. Re4 Rd5 47. b4 axb4 48. axb4 f5 49. gxf6 gxf6 50. Kb2 Kf7
51. Kc3 Kg6 52. Ne6 Kf5 53. Re2 Kg4 54. Rh2 f5 55. Nd4 f4
56. Kd3 Re5 57. Rg2+ Kh3 58. Rg7 Re3+ 59. Kd2 Re4 60. Kd3 Re3+
61. Kd2 Re4 62. Nxb5 f3 63. Rxh7 f2 64. Rf7 Kg2 65. Nc3 Rxb4
66. Rg7+ Kf1 67. h5 Rb2+ 68. Kd3 Rb6 69. Ne4 Rb3+ 70. Kd4 Rh3
71. Rg5 Rh4 72. Ke5 Ke2 73. Nxf2 Kxf2 74. Kf6 Kf3 75. Kg6 Kf4
76. h6 Rh1 77. Rh5 Ra1 78. h7 Ra6+ 79. Kf7 Ra7+ 80. Ke6 Ra6+
81. Kd7 Ra7+ 82. Kc6 Kg4 83. h8=Q 1-0

[Event "FIDE Online Olympiad"]
[Site "Chess.com"]
[Date "2020.08.22"]
[EventDate "2020.08.21"]
[Round "6"]
[Result "1-0"]
[White "Neuris Delgado Ramirez"]
[Black "Nikolay Noritsyn"]
[WhiteElo "2667"]
[BlackElo "2504"]
[Source "Chess-Results"]
[PlyCount "65"]

1. e4 e5 2. Nf3 Nc6 3. Bb5 a6 4. Ba4 Nge7 5. Nc3 Ng6 6. d3 Be7
7. Bb3 d6 8. Nd5 Na5 9. Bd2 Nxb3 10. axb3 f5 11. Qe2 Be6
12. h4 Bxd5 13. exd5 Bf6 14. Ng5 Qd7 15. Ne6 c6 16. h5 Ne7
17. h6 g6 18. Ng7+ Kf7 19. dxc6 Qxc6 20. O-O Qxc2 21. f4 Rac8
22. g4 e4 23. gxf5 Bd4+ 24. Kh1 Qxd3 25. Qg4 Qxd2 26. f6 Nf5
27. Nxf5 gxf5 28. Qg7+ Ke6 29. Qe7+ Kd5 30. Qxb7+ Rc6 31. Rxa6
Rc8 32. Qf7+ Kc5 33. Qc4# 1-0

[Event "FIDE Online Olympiad"]
[Site "Chess.com"]
[Date "2020.08.22"]
[EventDate "2020.08.21"]
[Round "6"]
[Result "1-0"]
[White "Oksana Golubeva"]
[Black "Gabriela Vargas"]
[WhiteElo "2179"]
[BlackElo "2105"]
[Source "Chess-Results"]
[PlyCount "59"]

1. Nf3 d5 2. e3 c6 3. c4 e6 4. b3 f5 5. Bb2 Nf6 6. Qc2 Bd6
7. Be2 O-O 8. O-O Qe7 9. Be5 Bxe5 10. Nxe5 Nbd7 11. d4 Nxe5
12. dxe5 Ng4 13. Qc3 Qh4 14. h3 Nh6 15. Nd2 f4 16. e4 Bd7
17. Bf3 dxe4 18. Nxe4 Be8 19. Rad1 Bh5 20. Rd7 Bxf3 21. Qxf3
Nf5 22. Rfd1 Qh6 23. Rxb7 Nh4 24. Qg4 Rad8 25. Rxd8 Rxd8
26. Ng5 f3 27. Nxe6 Rd1+ 28. Kh2 g6 29. Ng5 fxg2 30. Qe6+ 1-0

[Event "FIDE Online Olympiad"]
[Site "Chess.com"]
[Date "2020.08.22"]
[EventDate "2020.08.21"]
[Round "6"]
[Result "1-0"]
[White "Daniele Vocaturo"]
[Black "Emilio Cordova"]
[WhiteElo "2584"]
[BlackElo "2610"]
[Source "Chess-Results"]
[PlyCount "79"]

1. e4 c5 2. Nf3 Nc6 3. Nc3 e5 4. Bc4 d6 5. d3 Be7 6. Nd2 Nf6
7. Nf1 Bg4 8. f3 Be6 9. Ne3 Nd7 10. Ned5 O-O 11. O-O Nb6
12. Nxb6 Qxb6 13. Nd5 Qd8 14. f4 exf4 15. Bxf4 Na5 16. Qd2 b6
17. Rad1 Qd7 18. a3 Nxc4 19. dxc4 Rfe8 20. Nxe7+ Qxe7 21. Bxd6
Qh4 22. Rf4 Qh5 23. e5 Rad8 24. Re1 Qg6 25. Qf2 h6 26. Re3 Qh5
27. h3 Kh7 28. Kh2 Rd7 29. Rg3 g5 30. Rf6 g4 31. Rf4 Rg8
32. Qe2 Rg5 33. Qe4+ Kg8 34. Qe2 Kh7 35. b4 Rd8 36. Qe4+ Kg8
37. Be7 Rd4 38. Qa8+ Kh7 39. Bxg5 hxg5 40. Rxd4 1-0

[Event "FIDE Online Olympiad"]
[Site "Chess.com"]
[Date "2020.08.22"]
[EventDate "2020.08.21"]
[Round "6"]
[Result "1-0"]
[White "Jorge Cori"]
[Black "Danyyil Dvirnyy"]
[WhiteElo "2599"]
[BlackElo "2550"]
[Source "Chess-Results"]
[PlyCount "105"]

1. d4 Nf6 2. Nf3 g6 3. Bg5 Bg7 4. Nbd2 O-O 5. e3 d5 6. Be2
Nbd7 7. O-O Re8 8. c4 c5 9. cxd5 Nxd5 10. Rc1 cxd4 11. Nxd4 h6
12. Bh4 N7f6 13. Qb3 g5 14. Bg3 e5 15. N4f3 Be6 16. Nc4 Ne4
17. Bxe5 f6 18. Bd4 g4 19. Nfd2 Nf4 20. Qd1 Nxe2+ 21. Qxe2 Ng5
22. Rfd1 h5 23. Bc5 Qc7 24. Bd6 Qf7 25. Bf4 Qg6 26. Nd6 Re7
27. Bg3 Bd5 28. Nb3 Bxb3 29. axb3 Kh7 30. Qb5 Ne4 31. Nxe4
Qxe4 32. Qxh5+ Kg8 33. Rc4 Rd7 34. Rf1 Qe8 35. Qxg4 Qf7 36. h4
f5 37. Qg5 Kh7 38. Rfc1 Rg8 39. Qf4 Bh6 40. Qf3 Rg7 41. Rc5 f4
42. exf4 Rd2 43. R5c2 Qd7 44. Rxd2 Qxd2 45. Qe4+ Kh8 46. Rc8+
Rg8 47. Rxg8+ Kxg8 48. Qxb7 Bg7 49. Qxa7 Qxb2 50. Qa8+ Kh7
51. Qe4+ Kg8 52. Qd5+ Kh7 53. Kh2 1-0

[Event "FIDE Online Olympiad"]
[Site "Chess.com"]
[Date "2020.08.22"]
[EventDate "2020.08.21"]
[Round "6"]
[Result "1-0"]
[White "Luca Moroni Jr"]
[Black "German Gonzalo Quirhuayo Chumbe"]
[WhiteElo "2519"]
[BlackElo "2396"]
[Source "Chess-Results"]
[PlyCount "109"]

1. c4 Nf6 2. Nc3 g6 3. d4 Bg7 4. e4 O-O 5. Bd3 d6 6. Nge2 e5
7. d5 Nh5 8. O-O a5 9. Be3 f5 10. exf5 gxf5 11. Ng3 Nxg3
12. fxg3 Na6 13. Qd2 Nc5 14. Bc2 Qe8 15. Nb5 Qe7 16. Rf2 e4
17. Nd4 Bd7 18. Raf1 Qe5 19. b3 b6 20. Ne2 Rae8 21. Bd4 Qe7
22. Qe3 Be5 23. a3 Qg7 24. Bxe5 dxe5 25. b4 axb4 26. axb4 Na6
27. Qa3 Ra8 28. Qc3 Qe7 29. Rb1 Rf7 30. Ra1 Rff8 31. Rb1 Rf7
32. g4 Raf8 33. gxf5 Bxf5 34. Ng3 Bg6 35. Re2 Rf4 36. Qe1 e3
37. Bxg6 hxg6 38. Rxe3 Rxc4 39. Rxe5 Qf6 40. Re6 Qd4+ 41. Kh1
Rf6 42. Rd1 Qf4 43. Re8+ Kg7 44. Re7+ Rf7 45. Rxf7+ Qxf7
46. Qe2 b5 47. Rf1 Qd7 48. Qe5+ Kh7 49. Ne4 Qf5 50. Nf6+ Kh6
51. Qe3+ Qg5 52. Ng8+ Kh5 53. Qh3+ Rh4 54. Qf3+ Rg4 55. h3 1-0

[Event "FIDE Online Olympiad"]
[Site "Chess.com"]
[Date "2020.08.22"]
[EventDate "2020.08.21"]
[Round "6"]
[Result "1-0"]
[White "Fiorella Contreras Huaman"]
[Black "Maria Palma"]
[WhiteElo "1730"]
[BlackElo "1942"]
[Source "Chess-Results"]
[PlyCount "109"]

1. e4 e6 2. Nc3 d5 3. d4 Nc6 4. Nf3 Nf6 5. Bd3 Nb4 6. Bg5 dxe4
7. Nxe4 Be7 8. O-O Nxd3 9. Qxd3 Nxe4 10. Bxe7 Qxe7 11. Qxe4
O-O 12. Rfe1 Rb8 13. Ne5 f6 14. Nd3 b6 15. Re3 Re8 16. Rae1
Qf7 17. d5 e5 18. f4 Bb7 19. c4 f5 20. Qf3 e4 21. Qe2 Rbd8
22. Ne5 Qf6 23. Qh5 g6 24. Qh6 Rd6 25. h4 Red8 26. h5 Qg7
27. Qxg7+ Kxg7 28. hxg6 hxg6 29. Kf2 c6 30. Rh1 cxd5 31. Reh3
e3+ 32. Ke2 Kf6 33. Rh7 dxc4 34. Rxb7 Rd2+ 35. Kxe3 Rxb2
36. Rhh7 Rxa2 37. Rhf7+ Ke6 38. Rfe7+ Kd6 39. Nf7+ Kc5
40. Nxd8 c3 41. Ne6+ Kb4 42. Nd4 c2 43. Rec7 Ra3+ 44. Kd2
c1=Q+ 45. Rxc1 Ra2+ 46. Nc2+ Kb3 47. Rb1+ Kc4 48. Rb4+ Kc5
49. Rc7+ Kd6 50. Rbc4 b5 51. R4c6+ Kd5 52. Rc5+ Kd6 53. R7c6+
Kd7 54. Rxg6 b4 55. Rb5 1-0

[Event "FIDE Online Olympiad"]
[Site "Chess.com"]
[Date "2020.08.22"]
[EventDate "2020.08.21"]
[Round "6"]
[Result "1-0"]
[White "Anna Vitalyevna Zatonskih"]
[Black "Candela Be Francisco Guecamburu"]
[WhiteElo "2327"]
[BlackElo "1904"]
[Source "Chess-Results"]
[PlyCount "115"]

1. d4 d5 2. c4 e6 3. Nc3 Nf6 4. cxd5 exd5 5. Bg5 c6 6. e3 Qb6
7. Qd2 Ne4 8. Nxe4 dxe4 9. Ne2 Bb4 10. Nc3 Qa5 11. Bh4 Nd7
12. Be2 Nb6 13. O-O Nd5 14. Rfc1 Nxc3 15. bxc3 Ba3 16. Rf1 O-O
17. Qc2 Bf5 18. Rab1 Qc7 19. Bg3 Qe7 20. c4 b6 21. Qa4 Bd6
22. Qxc6 Bxg3 23. fxg3 Bd7 24. Qc7 Rfc8 25. Qf4 f5 26. Rb3 Ba4
27. Rc3 Qb4 28. Rfc1 Rf8 29. a3 Qe7 30. h3 Rac8 31. c5 h6
32. cxb6 Rxc3 33. Rxc3 axb6 34. Qc7 Qg5 35. Qc4+ Kh8 36. Qxa4
Qxg3 37. Qc2 Qe1+ 38. Bf1 f4 39. Qc1 Qxc1 40. Rxc1 fxe3
41. Re1 Rd8 42. Rxe3 Rxd4 43. Rb3 Ra4 44. Kf2 Kg8 45. Ke3 Kf7
46. Bb5 Ra5 47. Kxe4 Kf6 48. a4 Kg5 49. Rg3+ Kf6 50. Kd5 Ra7
51. Kc6 Re7 52. Kxb6 Re6+ 53. Bc6 Re1 54. a5 Rb1+ 55. Bb5 g5
56. a6 Ra1 57. a7 Ke5 58. Rf3 1-0

[Event "FIDE Online Olympiad"]
[Site "Chess.com"]
[Date "2020.08.22"]
[EventDate "2020.08.21"]
[Round "6"]
[Result "1-0"]
[White "Jeffery Xiong"]
[Black "Tomas Kapitanchuk"]
[WhiteElo "2730"]
[BlackElo "2103"]
[Source "Chess-Results"]
[PlyCount "99"]

1. d4 Nf6 2. Nf3 e6 3. g3 b5 4. Bg2 Bb7 5. O-O Be7 6. a4 b4
7. c4 a5 8. Nbd2 O-O 9. b3 d6 10. Bb2 Nbd7 11. Qc2 c5 12. e4
cxd4 13. Nxd4 Qb6 14. Rfe1 Rac8 15. Rad1 Rfe8 16. Qb1 Ng4
17. Re2 Bf6 18. Nf1 Nc5 19. h3 Ne5 20. Ne3 Rcd8 21. Red2 h5
22. Nb5 Be7 23. Bd4 h4 24. gxh4 Ng6 25. Qb2 Bf8 26. h5 Nf4
27. h6 gxh6 28. Ng4 Nh5 29. Be3 e5 30. Nxh6+ Bxh6 31. Bxh6 d5
32. Bg5 f6 33. Be3 d4 34. Nxd4 Nxe4 35. Nb5 Rxd2 36. Qxd2 Nxd2
37. Bxb6 Nf3+ 38. Bxf3 Bxf3 39. Rd7 Kh8 40. Bxa5 Be2 41. Rd8
Rxd8 42. Bxd8 Bd1 43. c5 Bxb3 44. c6 Be6 45. a5 b3 46. a6 b2
47. Na3 Bd5 48. c7 Be6 49. a7 Nf4 50. a8=Q 1-0

[Event "FIDE Online Olympiad"]
[Site "Chess.com"]
[Date "2020.08.23"]
[EventDate "2020.08.21"]
[Round "7"]
[Result "1-0"]
[White "Anton Korobov"]
[Black "Anish Giri"]
[WhiteElo "2794"]
[BlackElo "2731"]
[Source "Chess-Results"]
[PlyCount "119"]

1. d4 Nf6 2. c4 e6 3. Nf3 d5 4. Nc3 Bb4 5. e3 O-O 6. Bd3 dxc4
7. Bxc4 c5 8. O-O cxd4 9. exd4 b6 10. Bg5 Bb7 11. Rc1 Nbd7
12. Re1 Rc8 13. Bd3 h6 14. Bh4 Be7 15. Bb1 b5 16. a3 a5
17. Nxb5 Rxc1 18. Qxc1 Bxf3 19. gxf3 Qb8 20. Bd3 Rc8 21. Qd2
Nd5 22. Bg3 Bg5 23. Qxa5 Nf4 24. Bf1 e5 25. Qa7 Qxa7 26. Nxa7
Rc2 27. dxe5 Nh5 28. b4 Nb6 29. b5 Be7 30. Rd1 g5 31. Nc6 Bc5
32. Rd8+ Kg7 33. Nd4 Rc3 34. e6 Nxg3 35. hxg3 Rxa3 36. Nf5+
Kf6 37. exf7 Kxf7 38. Nxh6+ Ke7 39. Rd3 Ra2 40. Ng4 Rb2
41. Rd1 Ke6 42. Kg2 Ke7 43. Re1+ Kd6 44. Re2 Rxe2 45. Bxe2 Nd5
46. Bc4 Nb6 47. Bb3 Bb4 48. Nf6 Ke5 49. Nh7 Bd2 50. Kh3 Nd7
51. Kg4 Nf6+ 52. Nxf6 Kxf6 53. b6 Ba5 54. b7 Bc7 55. Kh5 Bb8
56. f4 gxf4 57. g4 Bc7 58. g5+ Kg7 59. f3 Bb8 60. Kg4 1-0

[Event "FIDE Online Olympiad"]
[Site "Chess.com"]
[Date "2020.08.23"]
[EventDate "2020.08.21"]
[Round "7"]
[Result "1-0"]
[White "Kirill Shevchenko"]
[Black "Liam Vrolijk"]
[WhiteElo "2425"]
[BlackElo "2470"]
[Source "Chess-Results"]
[PlyCount "69"]

1. e4 e5 2. Nf3 Nc6 3. Bb5 Nf6 4. O-O Nxe4 5. d4 Nd6 6. Bxc6
dxc6 7. dxe5 Nf5 8. Qxd8+ Kxd8 9. Nc3 Ke8 10. Rd1 Ne7 11. Nd4
Nf5 12. Nf3 Ne7 13. h3 Ng6 14. Be3 Be6 15. Nd4 Nxe5 16. Re1
Nc4 17. Bf4 Bd6 18. Nxe6 fxe6 19. Rxe6+ Kd7 20. Re4 Bxf4
21. Rxc4 Raf8 22. Re1 Bd6 23. Ne4 Rf5 24. g4 Re5 25. f4 Rd5
26. Nxd6 Kxd6 27. Rce4 Rd2 28. R1e2 Rxe2 29. Rxe2 h5 30. Kg2
hxg4 31. hxg4 c5 32. f5 Rd8 33. Rd2+ Ke7 34. Rxd8 Kxd8 35. Kf3
1-0

[Event "FIDE Online Olympiad"]
[Site "Chess.com"]
[Date "2020.08.23"]
[EventDate "2020.08.21"]
[Round "7"]
[Result "1-0"]
[White "Roberto N de Abreu"]
[Black "Eva Repkova"]
[WhiteElo "2066"]
[BlackElo "2358"]
[Source "Chess-Results"]
[PlyCount "105"]

1. d4 e6 2. c4 d5 3. Nf3 Nf6 4. g3 Be7 5. Bg2 O-O 6. O-O dxc4
7. Qc2 a6 8. a4 Nc6 9. Qxc4 Qd5 10. Nbd2 Rd8 11. e3 Qh5
12. Nb3 e5 13. Nxe5 Be6 14. Qc2 Nxe5 15. dxe5 Ng4 16. h3 Nxe5
17. f4 Nd3 18. g4 Qh4 19. Nd4 Ne1 20. Qe2 Nxg2 21. Nxe6 fxe6
22. Kxg2 Rd5 23. Bd2 Rad8 24. Bc3 h5 25. Rad1 hxg4 26. hxg4
Qh7 27. Rxd5 Rxd5 28. e4 Rd8 29. Rh1 Qg6 30. Qf3 e5 31. Bxe5
Rd2+ 32. Kg3 Bc5 33. Qb3+ Kf8 34. Rh8+ Ke7 35. Rg8 Rg2+
36. Kxg2 Qxg4+ 37. Qg3 Qe2+ 38. Kh3 Qf1+ 39. Kg4 Qd1+ 40. Qf3
Qg1+ 41. Kf5 Qh2 42. Rxg7+ Ke8 43. Qg4 Be7 44. Rxe7+ Kxe7
45. Bf6+ Kd6 46. e5+ Kc5 47. e6 Qh7+ 48. Ke5 Qd3 49. Qg1+ Kc6
50. Qd4 Qe2+ 51. Qe4+ Qxe4+ 52. Kxe4 Kd6 53. f5 1-0

[Event "FIDE Online Olympiad"]
[Site "Chess.com"]
[Date "2020.08.23"]
[EventDate "2020.08.21"]
[Round "7"]
[Result "1-0"]
[White "Julia Movsesian"]
[Black "Charlize van Zyl"]
[WhiteElo "2271"]
[BlackElo "1686"]
[Source "Chess-Results"]
[PlyCount "75"]

1. e4 d5 2. exd5 Qxd5 3. Nf3 Nf6 4. d4 Bg4 5. Be2 Nc6 6. O-O
O-O-O 7. Be3 e6 8. Nbd2 Qh5 9. h3 Bxf3 10. Nxf3 Nd5 11. Ne5
Nxe3 12. Bxh5 Nxd1 13. Nxf7 Rxd4 14. Nxh8 Nxb2 15. Bg4 Nd8
16. Rfe1 Rd6 17. Re4 g6 18. Rae1 Kd7 19. Rf4 Bh6 20. Rf7+ Nxf7
21. Nxf7 Bd2 22. Re2 Rd4 23. Ne5+ Kd6 24. Nf3 Bc3 25. Nxd4
Bxd4 26. Rxe6+ Kc5 27. Re7 h5 28. Bc8 Kb6 29. Re6+ c6 30. Rxg6
Kc7 31. Bf5 Nd1 32. Kf1 Nxf2 33. Ke2 Bc5 34. Rh6 Nh1 35. Kf3
Nf2 36. Rxh5 Nd1 37. Rh7+ Kb6 38. Bc8 1-0

[Event "FIDE Online Olympiad"]
[Site "Chess.com"]
[Date "2020.08.23"]
[EventDate "2020.08.21"]
[Round "7"]
[Result "1-0"]
[White "Rebecca Selkirk"]
[Black "Veronika Maslikova"]
[WhiteElo "1799"]
[BlackElo "2230"]
[Source "Chess-Results"]
[PlyCount "103"]

1. e4 c5 2. Nf3 d6 3. d4 cxd4 4. Nxd4 Nf6 5. Nc3 Bd7 6. Bg5 a6
7. f4 Nc6 8. Nb3 e6 9. Qf3 b5 10. O-O-O Qc7 11. Bd3 b4 12. Ne2
Be7 13. Ned4 O-O 14. g4 a5 15. Bh4 a4 16. Nxc6 Bxc6 17. Nd4
Rfb8 18. g5 Ne8 19. Kd2 a3 20. b3 Bd7 21. g6 Bxh4 22. gxf7+
Kxf7 23. Qh5+ g6 24. Qxh7+ Ng7 25. Qxh4 Qc3+ 26. Ke3 Rh8
27. Qg4 Rh6 28. h4 Rd8 29. Qg5 Rdh8 30. e5 Nf5+ 31. Nxf5 exf5
32. exd6 Re8+ 33. Kf2 Qc5+ 34. Kf1 Rh5 35. Qg1 Qxg1+ 36. Kxg1
Re3 37. Kf2 Re8 38. Rde1 Rxe1 39. Rxe1 Bc6 40. Re7+ Kf6
41. Bc4 g5 42. hxg5+ Kg6 43. Bf7+ Kg7 44. Bxh5+ Kf8 45. Rc7
Be4 46. d7 Ke7 47. Be8 Bd5 48. Rc8 Be6 49. d8=Q+ Kf8 50. Bh5+
Kg7 51. Rc7+ Bf7 52. Rxf7# 1-0

[Event "FIDE Online Olympiad"]
[Site "Chess.com"]
[Date "2020.08.23"]
[EventDate "2020.08.21"]
[Round "7"]
[Result "1-0"]
[White "Samir Sahidi"]
[Black "Banele Mhango"]
[WhiteElo "2380"]
[BlackElo "2035"]
[Source "Chess-Results"]
[PlyCount "105"]

1. e4 c5 2. Nf3 d6 3. Bb5+ Bd7 4. Bxd7+ Qxd7 5. O-O Nc6 6. Re1
Nf6 7. c3 e6 8. h3 Be7 9. d4 cxd4 10. cxd4 d5 11. e5 Ne4
12. Nbd2 Nxd2 13. Bxd2 O-O 14. Qb3 f6 15. exf6 Bxf6 16. Bc3
Rf7 17. Re3 Re8 18. Rae1 Qd6 19. a3 g6 20. Qd1 Rfe7 21. Qe2 a6
22. h4 Qf4 23. g3 Qg4 24. Kg2 Bg7 25. b4 Rf7 26. Ng5 Qxe2
27. R3xe2 Bxd4 28. Nxf7 Kxf7 29. Bxd4 Nxd4 30. Rd2 Nb5 31. Rd3
Nd6 32. a4 h5 33. Rb1 Rc8 34. b5 a5 35. Rbd1 Rc4 36. Rd4 Rc2
37. R1d2 Rc3 38. Re2 Nf5 39. Rdd2 Ra3 40. Ra2 Rb3 41. Rec2 Nd6
42. Rc7+ Kf6 43. Rd7 Nc4 44. Rxb7 d4 45. Rc7 Rb4 46. Rc2 Nb6
47. R7c6 Nxa4 48. Re2 Nc3 49. Rexe6+ Kf7 50. Rf6+ Ke7
51. Rce6+ Kd7 52. Rxg6 Nxb5 53. Ra6 1-0

[Event "FIDE Online Olympiad"]
[Site "Chess.com"]
[Date "2020.08.23"]
[EventDate "2020.08.21"]
[Round "7"]
[Result "1-0"]
[White "Bibisara Assaubayeva"]
[Black "Hoang Thanh Trang"]
[WhiteElo "2321"]
[BlackElo "2338"]
[Source "Chess-Results"]
[PlyCount "107"]

1. d4 f5 2. Nc3 Nf6 3. Bg5 d5 4. Bxf6 exf6 5. e3 Be6 6. Bd3
Nc6 7. a3 Qd7 8. Nge2 O-O-O 9. Na4 Bf7 10. b4 Bh5 11. f3 g5
12. Qd2 Re8 13. Kf2 Bg6 14. b5 Nd8 15. Nc5 Bxc5 16. dxc5 Ne6
17. c6 bxc6 18. Qa5 Qe7 19. Qxa7 Nc5 20. Qa8+ Kd7 21. Qxc6+
Kc8 22. Qa8+ Kd7 23. Qxd5+ Kc8 24. Qa8+ Kd7 25. Bxf5+ Bxf5
26. Qd5+ Kc8 27. Qxf5+ Kb8 28. e4 Ne6 29. Rhd1 Rd8 30. b6 cxb6
31. Qb5 Kb7 32. a4 Qc5+ 33. Qxc5 Nxc5 34. Nc3 Rc8 35. a5 bxa5
36. Rxa5 Ne6 37. Rb5+ Kc6 38. Rbb1 Rhd8 39. Nd5 Rb8 40. Rxb8
Rxb8 41. Nxf6 h6 42. e5 Rb2 43. Rd6+ Kc7 44. Rxe6 Rxc2+
45. Kg3 Re2 46. Nd5+ Kc8 47. Rc6+ Kb7 48. Rxh6 Rxe5 49. Nf6
Kc7 50. Ne4 Kd7 51. Kg4 Rb5 52. Nxg5 Rb2 53. g3 Rb4+ 54. f4
1-0

[Event "FIDE Online Olympiad"]
[Site "Chess.com"]
[Date "2020.08.23"]
[EventDate "2020.08.21"]
[Round "7"]
[Result "1-0"]
[White "Ticia Gara"]
[Black "Guliskhan Nakhbayeva"]
[WhiteElo "2274"]
[BlackElo "2270"]
[Source "Chess-Results"]
[PlyCount "111"]

1. Nf3 d5 2. g3 Nf6 3. Bg2 c6 4. O-O Bg4 5. c4 Nbd7 6. cxd5
cxd5 7. Nc3 e6 8. Qb3 Nc5 9. Qb5+ Nfd7 10. d4 a6 11. Qb4 Nd3
12. Qxb7 Nb4 13. Bf4 Bxf3 14. Bxf3 g5 15. Bxg5 Rb8 16. Bxd8
Rxb7 17. Bg5 Nc2 18. Rac1 Rxb2 19. Nd1 Rxa2 20. Ne3 Be7
21. Rxc2 Rxc2 22. Nxc2 Bxg5 23. Ra1 Nb8 24. Nb4 Ke7 25. Nxa6
Nc6 26. e3 Ra8 27. Ra4 Kd6 28. Nc5 Rb8 29. Ra6 Rb1+ 30. Kg2 e5
31. Ne4+ dxe4 32. Rxc6+ Kd7 33. Bxe4 Rb2 34. dxe5 Bxe3 35. Rf6
Bd4 36. Rd6+ Ke7 37. Rxd4 Rb5 38. Bxh7 Rxe5 39. Re4 Kf6
40. Rxe5 Kxe5 41. f4+ Kf6 42. Kf3 Kg7 43. Bd3 Kh6 44. g4 Kg7
45. g5 Kh8 46. Kg4 Kg7 47. h4 f6 48. h5 fxg5 49. fxg5 Kf7
50. Kf5 Kg7 51. g6 Kh8 52. Kf6 Kg8 53. Bc4+ Kf8 54. g7+ Ke8
55. g8=Q+ Kd7 56. Qe6+ 1-0